| 000 | 00653nam a2200241Ia 4500 | ||
|---|---|---|---|
| 003 | OSt | ||
| 005 | 20230622120543.0 | ||
| 008 | 210423s2012 xx 000 0 und d | ||
| 020 | _a978-81-7446-743-0 | ||
| 040 | _cAL | ||
| 041 | _aeng | ||
| 082 |
_a657.48 _223 _b BANF |
||
| 100 |
_aBANERJEE (Ashok) _9111516 |
||
| 245 | _aFinancial accounting: a managerial emphasis Ed 3 | ||
| 250 | _a3 | ||
| 260 |
_aNew Delhi _bExcel Books _c2012 |
||
| 300 |
_a793 _bPB |
||
| 365 |
_b420 _cINR |
||
| 650 |
_aAccounting _9111517 |
||
| 650 |
_aFinancial Accounting _9111518 |
||
| 906 | _aaccounting: ; Ed ; emphasis ; Financial ; managerial | ||
| 942 |
_2ddc _cBK |
||
| 999 |
_c167073 _d167073 |
||